000 01254nam a22003737a 4500
001 0008486
003 KOHA_MİRAKIL
005 20260207001636.0
007 ta
008 091009b1976 tu |||gr||||#0|||0|tur |
020 _cTL5
040 _aTR-BiSEU
_btur
_cTR-BiSEU
_erda
041 0 _atur
044 _ctu
050 _aDR438.9
_b.I86 1976
245 0 _aİsmail Hakkı Uzunçarşılı'ya armağan.
264 1 _aAnkara :
_bTürk Tarih Kurumu
_c1976
300 _aXXI, 494 sayfa [69]: resimli; 24 cm.
336 _ametin
_btxt
_2rdacontent
337 _aaracısız
_bn
_2rdamedia
338 _acilt
_bnc
_2rdacarrier
490 1 _aAtatürk Kültür,Dil ve Tarih Yüksek Kurumu Türk Tarih Kurumu Yayınları ;
_vVII.
490 1 _adizi- sayı 70-a
500 _aEser çok dildir (Türkçe, Fransızca, Almanca, İngilizce).
650 0 _aUzunçarşılı, İsmail Hakkı, 1889-1977.
_921158
650 0 _aTurkey--History.
_95455
650 0 _aMiddle East--History.
_912255
650 0 _aTürkiye--Tarih.
_94893
650 0 _aOrta Doğu--Tarih.
_912257
830 1 _aAtatürk Kültür,Dil ve Tarih Yüksek Kurumu Türk Tarih Kurumu Yayınları ;
_vVII.
_914135
830 1 _adizi- sayı 70-a
_921159
907 _aTarih
942 _2lcc
_cBK
999 _c8458
_d8458